Medzi hornou miliardou

Šesť zo siedmich ľudí na planéte má horšiu kvalitu života ako priemerný Slovák. Príjmové rozloženie vo svete.

Salvato in:
Dettagli Bibliografici
Autore principale: Lehuta, Michal
Natura: Capitolo di libro
Lingua:slovacco
Soggetti:
Tags: Aggiungi Tag
Nessun Tag, puoi essere il primo ad aggiungerne!!

MARC

LEADER 00000naa a2200000 4500
001 0158269
005 20231113080235.6
041 0 |a slo 
044 |a SK 
245 1 0 |a Medzi hornou miliardou  |c Michal Lehuta 
520 |a Šesť zo siedmich ľudí na planéte má horšiu kvalitu života ako priemerný Slovák. Príjmové rozloženie vo svete. 
610 2 0 |a úroveň životná 
610 2 0 |a chudoba 
610 2 0 |a chudobní 
610 2 0 |a svet 
610 2 0 |a Slovensko 
100 1 |a Lehuta, Michal